Coffee: A guide to buying, brewing and enjoying (Record no. 39084)
[ view plain ]
| 000 -LEADER | |
|---|---|
| fixed length control field | 00304nam a2200109Ia 4500 |
| 082 ## - DEWEY DECIMAL CLASSIFICATION NUMBER | |
| Classification number | 663.93 |
| Item number | DAV |
| 100 ## - MAIN ENTRY--AUTHOR NAME | |
| Personal name | Davids, Kenneth |
| 245 #0 - TITLE STATEMENT | |
| Title | Coffee: A guide to buying, brewing and enjoying |
| 260 ## - PUBLICATION, DISTRIBUTION, ETC. (IMPRINT) | |
| Place of publication | San Francisco |
| Name of publisher | 101 Productions |
| Year of publication | 1976 |
| 942 ## - ADDED ENTRY ELEMENTS (KOHA) | |
| Koha item type | Books |
| Withdrawn status | Lost status | Damaged status | Not for loan | Home library | Current library | Date acquired | Cost, normal purchase price | Full call number | Accession Number | Koha item type |
|---|---|---|---|---|---|---|---|---|---|---|
| RRII Library | RRII Library | 16/12/2021 | 65.34 | 663.93 DAV | 19429 | Books |